000 01014nam0a22002411i 4500
001 rc\3591450
005 20240723230340.0
021 _aRU
_b[73-28217а]
035 _a(NLR Aleph) 007702713
090 _a6764209
_c6764209
100 _a20130115d1973 |||y0rusy50 ca
101 0 _arus
102 _aRU
105 _ay d |||||
200 1 _aАрхитектурно-ландшафтные вопросы композиции застройки мест загородного отдыха
_e(На примере Белорус. ССР)
_eАвтореф. дис. на соиск. учен. степени канд. архитектуры
_e(18.00.04)
_fБелорус. политехн. ин-т
210 _aМинск
_d1973
215 _a24 с.
320 _aСписок работ авт. в конце текста (7 назв.)
700 1 _aПотаев
_bГ.А.
_gГеоргий Александрович
801 0 _aRU
_bNLR
_gpsbo
801 1 _aRU
_bELAR
_2rusmarc
852 _aNLR
_j73-4/43585
942 _cBOOK